LIBRARY & INFORMATION CENTRE, KCAET, TAVANUR

ONLINE PUBLIC ACCESS CATALOGUE (OPAC)

Gate digest in Agricultural Engineering (Record no. 15701)

MARC details
000 -LEADER
fixed length control field 00369nam a22001457a 4500
003 - CONTROL NUMBER IDENTIFIER
control field OSt
008 - FIXED-LENGTH DATA ELEMENTS--GENERAL INFORMATION
fixed length control field 190603b ||||| |||| 00| 0 eng d
020 ## - INTERNATIONAL STANDARD BOOK NUMBER
ISBN 9789327284850
082 ## - DEWEY DECIMAL CLASSIFICATION NUMBER
Classification number 631.1
Item number SAN/GA
100 ## - MAIN ENTRY--AUTHOR NAME
Personal name Sanjay Kumar
245 ## - TITLE STATEMENT
Title Gate digest in Agricultural Engineering
260 ## - PUBLICATION, DISTRIBUTION, ETC. (IMPRINT)
Place of publication Ludhiana
Name of publisher Kalyani Publishers
Year of publication 2011
300 ## - PHYSICAL DESCRIPTION
Number of Pages 216 p.
942 ## - ADDED ENTRY ELEMENTS (KOHA)
Koha item type Book Bank scheme for SC students
Holdings
Withdrawn status Lost status Damaged status Collection code Home library Current library Shelving location Date acquired Cost, normal purchase price Full call number Accession Number Koha item type
      Non-fiction KAUAET KAUAET Scheme 03/06/2019 300.00 631.1 SAN/GA BB 527 Book Bank scheme for SC students
      Non-fiction KAUAET KAUAET Scheme 03/06/2019 300.00 631.1 SAN/GA BB 528 Book Bank scheme for SC students
free website counter